MARC details
| 000 -LEADER |
| fixed length control field |
01179nasaa2200337 a 4500 |
| 001 - CONTROL NUMBER |
| control field |
vtls001296227 |
| 003 - CONTROL NUMBER IDENTIFIER |
| control field |
NLI |
| 005 - DATE AND TIME OF LATEST TRANSACTION |
| control field |
20210603181947.0 |
| 008 - FIXED-LENGTH DATA ELEMENTS--GENERAL INFORMATION |
| fixed length control field |
120418d19899999nyuux m i0 a0eng |
| 039 #9 - LEVEL OF BIBLIOGRAPHIC CONTROL AND CODING DETAIL [OBSOLETE] |
| -- |
201204181846 |
| -- |
VLOAD |
| 040 0# - CATALOGING SOURCE |
| Original cataloging agency |
NLI |
| Transcribing agency |
VTLS-2012_FOD |
| Description conventions |
AACR2 |
| 041 0# - LANGUAGE CODE |
| Language code of text/sound track or separate title |
eng |
| 044 ## - COUNTRY OF PUBLISHING/PRODUCING ENTITY CODE |
| MARC country code |
nyu |
| 082 04 - DEWEY DECIMAL CLASSIFICATION NUMBER |
| Classification number |
341.759 |
| 111 2# - MAIN ENTRY--MEETING NAME |
| Meeting name or jurisdiction name as entry element |
Plenary meetings : |
| Date of meeting or treaty signing |
(1985 : |
| Location of meeting |
Geneva, New York) |
| 9 (RLIN) |
669464 |
| 245 10 - TITLE STATEMENT |
| Title |
Economic and Social Council official records : |
| Remainder of title |
plenary meetings summary records of the meetings held during the organisational session for 1985 and the first regular session of 1985 |
| 260 ## - PUBLICATION, DISTRIBUTION, ETC. |
| Place of publication, distribution, etc. |
New York : |
| Name of publisher, distributor, etc. |
United Nations, |
| Date of publication, distribution, etc. |
1989- |
| 300 ## - PHYSICAL DESCRIPTION |
| Extent |
-v. ; |
| Dimensions |
28 cm. |
| 310 ## - CURRENT PUBLICATION FREQUENCY |
| Current publication frequency |
Irregular |
| 440 #0 - SERIES STATEMENT/ADDED ENTRY--TITLE |
| Title |
Economic and Social Council ; |
| Volume/sequential designation |
1-27 |
| 9 (RLIN) |
579554 |
| 610 20 - SUBJECT ADDED ENTRY--CORPORATE NAME |
| Corporate name or jurisdiction name as entry element |
United Nations. |
| Subordinate unit |
Economic and Social Council |
| 650 #0 - SUBJECT ADDED ENTRY--TOPICAL TERM |
| Topical term or geographic name entry element |
Economic development |
| 9 (RLIN) |
2639 |
| 650 #0 - SUBJECT ADDED ENTRY--TOPICAL TERM |
| Topical term or geographic name entry element |
Social planning |
| 9 (RLIN) |
131194 |
| 650 #0 - SUBJECT ADDED ENTRY--TOPICAL TERM |
| Topical term or geographic name entry element |
Economic policy |
| 9 (RLIN) |
2783 |
| 650 #0 - SUBJECT ADDED ENTRY--TOPICAL TERM |
| Topical term or geographic name entry element |
Social policy |
| 9 (RLIN) |
6319 |
| 710 1# - ADDED ENTRY--CORPORATE NAME |
| Corporate name or jurisdiction name as entry element |
United Nations. |
| Subordinate unit |
Economic and Social Council |
| 9 (RLIN) |
675475 |
| 887 ## - NON-MARC INFORMATION FIELD |
| Content of non-MARC field |
|
| 901 ## - LOCAL DATA ELEMENT A, LDA (RLIN) |
| a |
UN-25608 |
| b |
09.09.1991 |
| 902 ## - LOCAL DATA ELEMENT B, LDB (RLIN) |
| a |
U.N 341.759 P 713 (1-27) |
| 942 ## - ADDED ENTRY ELEMENTS (KOHA) |
| Source of classification or shelving scheme |
Dewey Decimal Classification |
| Koha item type |
Books |